| 000 | 01220nam a2200277 a 4500 | ||
|---|---|---|---|
| 005 | 20131119104539.0 | ||
| 008 | 950912s1995 au a b 100 0 eng d | ||
| 020 | _a3854283180 | ||
| 041 | 0 | _aeng | |
| 080 |
_a339.9 _x(899) _x(042.5) |
||
| 245 | 0 | 4 |
_aThe world economy after the Uruguay Round / _cedited by Fritz Breuss. |
| 260 |
_aWien : _bService Fachverlag, _c[1995] |
||
| 300 |
_axvii, 415 f. : _bme il. ; _c25 cm. |
||
| 440 | 0 |
_aSchriftenreihe des Forschungsinstituts für Europafragen ; _vBd. 12 |
|
| 500 | _aPreface : f. V-VI | ||
| 500 | _a"Papers presented at the GATT Symposium 'The World Economy after the Uruguay Round' held at the University of Economics and Business Administration of Vienna on November 3-4, 1994"--P. v. | ||
| 504 | _aIncludes bibliographical references. | ||
| 610 | 2 | 0 |
_aOrganizata tregtare botërore _xKongreset |
| 610 | 2 | 0 |
_aMarrëveshja e Përgjithshme mbi Tarifat dhe Tregtinë (Organizata) _xKongreset |
| 611 | 2 | 0 |
_aUruguay Round _d(1987-1994) _xKongreset |
| 650 | 0 |
_aTregëtia ndërkombëtare _xKongreset |
|
| 650 | 0 |
_aMarrëdhëniet ekonomike ndërkombëtare _xKongreset |
|
| 650 | 0 |
_aHistoria ekonomike _y1945- _xKongreset |
|
| 700 | 1 |
_aBreuss, Fritz _d1944- |
|
| 942 |
_2udc _cBK |
||
| 999 |
_c307 _d307 |
||